Benjamin Wright : father of American civil engineering (Record no. 22425)
| 000 -LEADER | |
|---|---|
| fixed length control field | 00712nam a22001577a 4500 |
| 020 ## - INTERNATIONAL STANDARD BOOK NUMBER | |
| ISBN | 9780784415665 |
| 082 ## - DEWEY DECIMAL CLASSIFICATION NUMBER | |
| Classification number | 624.092 |
| 100 ## - MAIN ENTRY--AUTHOR NAME | |
| Personal name | Pennington, Steven,, Author |
| 245 ## - TITLE STATEMENT | |
| Title | Benjamin Wright : father of American civil engineering |
| 260 ## - PUBLICATION, DISTRIBUTION, ETC. (IMPRINT) | |
| Place of publication | virginia |
| Name of publisher | American Society of Civil Engineering, Reston, Virginia |
| Year of publication | 2020 |
| 300 ## - PHYSICAL DESCRIPTION | |
| Number of Pages | xx, 254 pages |
| Other physical details | illustrations (some color) ; 23 cm |
| 500 ## - GENERAL NOTE | |
| General note | Includes bibliographical references (pages 225-237) and index |
| 520 ## - SUMMARY, ETC. | |
| Summary, etc | Pennington chronicles Wright's life and varied career from country surveyor to chief engineer of the Erie Canal to his early work on America's railroads. |
| 650 ## - SUBJECT ADDED ENTRY--TOPICAL TERM | |
| Topical Term | Civil engineers--United States--Biography |
| 942 ## - ADDED ENTRY ELEMENTS (KOHA) | |
| Koha item type | Books |
No copies available.